[Event "Osorno U2200 op"]
[Site "Osorno"]
[Date "2018.05.06"]
[Round "6.4"]
[White "Van der Baan Bruce, Francisco"]
[Black "Ojeda Soto, Marco"]
[Result "0-1"]
[WhiteElo "1077"]
[BlackElo "1592"]
[PlyCount "64"]
[EventDate "2018.05.05"]
[EventType "swiss"]
[EventRounds "6"]
[EventCountry "CHI"]
[SourceTitle "EXT 2024"]
[Source "ChessBase"]
[SourceDate "2023.10.10"]
[SourceVersion "1"]
[SourceVersionDate "2023.10.10"]
[SourceQuality "1"]

1. e4 e5 2. Nf3 Nc6 3. Bc4 Bc5 4. d3 Nf6 5. c3 0-0 6. 0-0 d5 7. Bb3 dxe4 8. dxe4 Qxd1 9. Rxd1 Nxe4 10. Be3 Bxe3 11. fxe3 Bg4 12. Nbd2 Nxd2 13. Rxd2 Rad8 14. Rad1 Rxd2 15. Rxd2 Bxf3 16. gxf3 Rd8 17. Rxd8+ Nxd8 18. Kg2 Kf8 19. Kg3 f6 20. f4 exf4+ 21. exf4 b6 22. a4 c5 23. Bc2 h6 24. h4 Nc6 25. Be4 Ne7 26. Kf3 Ke8 27. b4 cxb4 28. cxb4 Kd7 29. Ke3 Ke6 30. Kd3 Nd5 31. f5+ Ke5 32. b5 Ne7 0-1

[Event "Osorno U2200 op"]
[Site "Osorno"]
[Date "2018.05.05"]
[Round "2.2"]
[White "Bielefeldt, German"]
[Black "Ojeda Soto, Marco"]
[Result "1-0"]
[WhiteElo "1948"]
[BlackElo "1592"]
[PlyCount "91"]
[EventDate "2018.05.05"]
[EventType "swiss"]
[EventRounds "6"]
[EventCountry "CHI"]
[SourceTitle "EXT 2024"]
[Source "ChessBase"]
[SourceDate "2023.10.10"]
[SourceVersion "1"]
[SourceVersionDate "2023.10.10"]
[SourceQuality "1"]

1. e4 c5 2. Nf3 d6 3. d4 cxd4 4. Nxd4 e6 5. Nc3 a6 6. Be2 Nf6 7. 0-0 Be7 8. Kh1 0-0 9. f4 Nc6 10. a4 Ne8 11. Be3 g6 12. Bf3 e5 13. Nxc6 bxc6 14. fxe5 dxe5 15. Qxd8 Bxd8 16. Bc5 Ng7 17. Bxf8 Kxf8 18. Rad1 Ne6 19. Ne2 Rb8 20. b3 c5 21. Bg4 Nd4 22. Bxc8 Rxc8 23. Nxd4 cxd4 24. Rd2 Bg5 25. Rdf2 Rc7 26. g3 Bd8 27. Re2 f6 28. Rf3 Rc6 29. Rd3 Ba5 30. Kg2 Ke7 31. g4 g5 32. h4 gxh4 33. Rh3 Kf7 34. Rxh4 Kg6 35. Rh5 Rc3 36. Rh3 h6 37. Rxc3 Bxc3 38. Kf3 a5 39. Rh2 Bb4 40. Rh5 Bc3 41. Ke2 Bb4 42. Kd3 Bc3 43. Kc4 Bb4 44. Kd5 Bc3 45. Ke6 Bb4 46. Rf5 1-0